000 00795nam a2200241 a 4500
001 BRCA_40
005 20190320202845.0
008 930804s1994 enka---##b---#001-0#eng-#
020 _a0415068576
040 _aDLC
_cDLC
_dDLC
050 4 _aAM5
_b.C667 1994
100 1 _aHooper-Greenhill, Eilean
_d1945-
_9181
245 1 0 _aMuseums and their Visitors
_cEilean Hooper-Greenhill.
260 _aLondres ; Nueva York
_bThe Conservation Unit of the Museums & Galleries Commission ; Routledge
_c1994
300 _axv, 206 p.
_bil.
_c26 cm.
500 _aIncluye índice y glosario
504 _aBibliografía: p. 185-197
650 1 4 _aAsistencia a museos
_9182
650 1 4 _aMuseos
_xAspectos educativos
_9183
650 1 4 _aMuseografía
_9184
650 1 4 _aMuseos
_xAdministración
_9185
942 _2lcc
_cB
999 _c40
_d40